000 01181cam a2200361 i 4500
001 4107939
003 OSt
005 20251203150735.0
008 750806s1975 pau b 000 0 eng
010 _a 75026563
020 _a0664213081.
_a0664241085
020 _a9780664241087
035 _a4107939
040 _aDLC
_cDLC
_dDLC
041 1 _aeng
_aheb
050 0 0 _aBS2673
_b.B37 1975
082 0 0 _a227/.2/077
130 0 _aBible.
_pCorinthians.
_lEnglish.
_sBarclay.
_f1975.
245 0 4 _aThe Letters to the Corinthians /
_ctranslated with an introd. and interpretation by William Barclay.
250 _aRev. ed.
260 _aPhiladelphia :
_bWestminster Press,
_cc1975.
300 _axv, 268, [2] p. ;
_c20 cm.
336 _atext
_btxt
_2rdacontent
337 _aunmediated
_bn
_2rdamedia
338 _avolume
_bnc
_2rdacarrier
440 4 _aThe Daily study Bible series.--Rev. ed.
504 _aBibliography: p. [270]
630 0 0 _aBible.
_pCorinthians
_xCommentaries.
700 1 _aBarclay, William,
_d1907-1978.
906 _a7
_bcbc
_corignew
_d1
_eocip
_f19
_gy-gencatlg
942 _2lcc
_cBK
999 _c20889
_d20888